000 01701nam a2200397 i 4500
001 000003317
003 DO-SdBNP
005 20251107134428.0
007 ta
008 090707s2001 dr a r 000 0 spa d
020 _a9993430129
040 _aDO-SdBNP
_bspa
_cBNPHU
_erda
041 _aspa
082 4 _a336.7293
_bR121p
_222
245 0 0 _aRacionalización presupestaria y política de gasto pública /
_celaborado por, Andrés Dauhajre, hijo ... [et al.].
264 1 _aSanto Domingo :
_bFundación Economía y Desarrollo,
_c2001.
300 _a534 páginas :
_bilustraciones ;
_c27 cm.
336 _atexto
_btxt
_2rdacontent
337 _asin mediación
_bn
_2rdamedia
338 _avolumen
_bnc
_2rdacarrier
500 _aIncluye anexo estadístico y metodológico
500 _aLa elaboración de este proyecto fue posible gracias a la donación de la Agencia para el Desarrollo internacional del Gobierno de los Estados Unidos(US. AID) y el apoyo técnico recibido de la Oficina Nacional de Planificación (ONAPLAN)
500 _aIncluye referencias bibliográficas y notas al final de los capítulos
590 _aInventariado, 2019/MFF
650 0 _aFinanzas públicas
_zRepública Dominicana
_932168
650 0 _aGastos públicos
_zRepública Dominicana
_950808
650 4 _aRecursos presupuestarios
_zRepública Dominicana
_910419
700 1 _aDauhajre, Andrés,
_eeditor
_4ed.
_96000
700 1 _aAristy, Jaime
_910421
700 1 _aMera Peguero, Rita
_910422
700 1 _aMéndez Gómez, Arturo
_910423
700 1 _aSalcedo Llibre, Héctor
_910424
710 2 _aFundación economía y desarollo
_910425
910 _aValidado. Control de calidad MFF
942 _2ddc
_cLBS1
999 _c3148
_d3148